Loading...
| History - American | 1 | 2 | 0 | 0 | 35 | 58 | 90.00 | 0 | 2 | 0.00 | 0.00 |
| Philosophy | 1 | 2 | 0 | 1 | 35 | 70 | 114.00 | 0 | 2 | 0.00 | 0.00 |
| Fine Arts - Other | 2 | 0 | 0 | 0 | 30 | 85 | 90.00 | 0 | 1 | 0.00 | 0.00 |
| Short Fiction and Other | 1 | 1 | 0 | 0 | 25 | 62 | 98.00 | 1 | 1 | 0.00 | 0.00 |
| Science - Biology | 0 | 3 | 1 | 3 | 25 | 124 | 127.33 | 0 | 2 | 0.00 | 0.00 |
| Mythology | 1 | 1 | 0 | 1 | 25 | 52 | 93.50 | 0 | 1 | 0.00 | 0.00 |
| History - Other | 1 | 1 | 0 | 0 | 25 | 34 | 50.00 | 0 | 1 | 0.00 | 0.00 |
| Current Events | 1 | 1 | 1 | 1 | 20 | 51 | 73.50 | 0 | 1 | 0.00 | 0.00 |
| Geography | 0 | 2 | 0 | 2 | 20 | 127 | 138.50 | 0 | 2 | 0.00 | 0.00 |
| Literature - Drama | 0 | 2 | 0 | 1 | 20 | 112 | 134.00 | 0 | 1 | 0.00 | 0.00 |
| Literature - Long Fiction | 0 | 2 | 0 | 2 | 20 | 150 | 154.50 | 0 | 0 | 0.00 | 0.00 |
| Science - Other | 0 | 2 | 0 | 0 | 20 | 90 | 94.00 | 1 | 1 | 0.00 | 0.00 |
| Science - Physics | 0 | 2 | 0 | 1 | 20 | 95 | 108.50 | 0 | 1 | 0.00 | 0.00 |
| History - European | 0 | 3 | 3 | 1 | 15 | 77 | 95.33 | 0 | 2 | 0.00 | 0.00 |
| Social Science | 0 | 2 | 1 | 1 | 15 | 138 | 139.00 | 0 | 1 | 0.00 | 0.00 |
| History - World | 0 | 2 | 1 | 1 | 15 | 83 | 113.00 | 1 | 1 | 0.00 | 0.00 |
| Other Academic | 0 | 2 | 1 | 0 | 15 | 96 | 96.50 | 2 | 2 | 0.00 | 0.00 |
| Religion | 0 | 1 | 0 | 0 | 10 | 102 | 102.00 | 0 | 1 | 0.00 | 0.00 |
| Fine Arts - Painting and Sculpture | 0 | 1 | 1 | 0 | 5 | 109 | 109.00 | 0 | 0 | 0.00 | 0.00 |
| Science - Chemistry | 0 | 0 | 0 | 0 | 0 | 0.00 | 0 | 0 | 0.00 | 0.00 | |
| Fine Arts - Classical Music | 0 | 1 | 3 | 0 | -5 | 83 | 83.00 | 0 | 0 | 0.00 | 0.00 |